000 00232nam a2200097Ia 4500
008 190216s9999||||xx |||||||||||||| ||und||
100 _aSubadra Govindapilla
245 0 _aTharka Shashthram
260 _bKerala Basha Inst
942 _cBK
999 _c37803
_d37803